| 000 | 00473nam a2200169Ia 4500 | ||
|---|---|---|---|
| 005 | 20250424120236.0 | ||
| 008 | 250424s9999 xx 000 0 und d | ||
| 022 | _a26353377 | ||
| 050 | _aHD 28 .F43/ | ||
| 245 | 0 | _aFederal University Otuoke Journal of Management Sciences | |
| 260 | _aBayelsa State, Nigeria | ||
| 260 | _bSilvertop Printing & Publishers | ||
| 260 | _c2021 | ||
| 300 | _aiv. 149 p. :ill. ; 28 cm. | ||
| 650 | _aManagement--Periodicals. | ||
| 942 | _cSR | ||
| 999 |
_c38191 _d38191 |
||